000 01032nam a2200325Ia 4500
003 OSt
005 20221007123204.0
006 a|||||r|||| 00| 0
007 ta
008 221006b |||||||| |||| 00| 0 eng d
020 _a9810213476 (pbk)
024 _a4106
037 _cTextual
040 _aPAPL
_cPAPL
_beng
041 _2eng
_aeng
082 _aC6:212, N3
100 _aHaug Hartmut
_9716797
245 0 _aQuantum theory of the optical and electronic properties of semiconductors by Hartmut Haug and Stephan W Koch
_b Koch Stephan W
250 _aEd 2
260 _aSingapore
_bWorld Scientific
_c1993
300 _axv,473p
_ccm.
500 _aIncludes bibliographical references; Index 466-473p; ^mPurchase; ^r1997-01-02
650 _a Conduction
650 _a Electricity
_9264331
650 _a Semiconductors
_9468426
650 _aPhysics
700 _a Koch Stephan W
_9713443
942 _hC6:212, N3
_cTEXL
_2CC
999 _c1211508
_d1211508